|
|
|
|
| LEADER |
00000nam a2200000 a 4500 |
| 001 |
vtls010633016 |
| 003 |
SK-MaSNL |
| 005 |
20260301090801.0 |
| 008 |
240313s2014 xo da e n 000 0 slo |
| 015 |
|
|
|a SNBA2014/11
|
| 020 |
|
|
|a 9788055408965
|q (brož.)
|
| 035 |
|
|
|a 01E68039-E7C4-4BDA-9AE3-317A01E31724
|
| 035 |
|
|
|a urn:nbn:sk:snk-amkd29
|
| 035 |
|
|
|a urn:nbn:sk:snk-am003qtj
|
| 040 |
|
|
|a SNK
|b slo
|c SNK
|e AACR2
|
| 041 |
0 |
|
|a slo
|
| 044 |
|
|
|a xo
|c SK
|
| 072 |
|
7 |
|a 004.4/.6
|x Programovanie. Softvér
|2 konspekt
|
| 080 |
|
|
|a 004.42SIMULINK
|2 2001
|
| 080 |
|
|
|a 004.42Communications toolbox
|2 2001
|
| 080 |
|
|
|a 004.42MATLAB
|2 2001
|
| 080 |
|
|
|a (075.8)
|2 2001
|
| 080 |
|
|
|a 004.623
|2 2001
|
| 100 |
1 |
|
|a Franeková, Mária,
|d 1961-2018
|4 aut
|9 197287
|
| 245 |
1 |
0 |
|a Modelovanie prenosu dát v prostredí Matlab, Simulink a Communications System Toolbox
|c Mária Franeková, Rastislav Pirník, Ľubomír Pekár
|
| 250 |
|
|
|a 1. vyd.
|
| 260 |
|
|
|a V Žiline
|b Žilinská univerzita, Elektrotechnická fakulta
|b Edis
|c 2014
|
| 300 |
|
|
|a 218 s.
|b grafy, sch., tab.
|c 30 cm
|
| 366 |
|
|
|e 150 výt.
|
| 504 |
|
|
|a Bibliogr.: s. 200-202 ; zoz. skrat. ; zoz. symbolov ; zoz. obr.
|
| 650 |
0 |
7 |
|a MATLAB (softvér)
|2 SNKPH
|9 68089
|
| 650 |
0 |
7 |
|a SIMULINK
|2 SNKPH
|9 85862
|
| 650 |
0 |
7 |
|a Communications toolbox
|2 SNKPH
|9 419096
|
| 650 |
0 |
7 |
|a prenos dát
|2 SNKPH
|9 1858
|
| 650 |
0 |
7 |
|a Data transmission
|2 SNKPHeng
|9 315043
|
| 655 |
|
7 |
|a učebnice vysokých škôl
|2 SNKPH
|9 70191
|
| 655 |
|
7 |
|a Textbooks (higher)
|2 SNKPHeng
|9 276436
|
| 700 |
1 |
|
|a Pirník, Rastislav
|4 aut
|9 70177
|
| 700 |
1 |
|
|a Pekár, Ľubomír
|4 aut
|9 27123
|
| 752 |
|
|
|a Slovensko
|d Žilina
|
| 852 |
|
|
|a Štátna vedecká knižnica v Banskej Bystrici
|
| 919 |
|
|
|a 978-80-554-0896-5
|
| 958 |
|
|
|a NB
|
| 999 |
|
|
|c 669201
|d 671131
|
| 952 |
|
|
|a SNK
|b SNK
|y PREZ
|7 0
|p 17A1119077
|o snkSB 87345
|i snk2014/24025
|8 0
|0 0
|1 0
|4 0
|d 2014-11-04
|f 1
|l 0
|r 2025-05-12 00:00:00
|w 2026-02-23
|
| 952 |
|
|
|a SNK
|b SNK
|y VYP
|7 0
|p 17A1119078
|o snkSB 87345 D1
|i snk2014/24026
|8 0
|0 0
|1 0
|4 0
|d 2014-11-04
|l 0
|r 2016-06-30 00:00:00
|w 2026-02-23
|